00253nam a2200097Ia 4500008004100000100001300041245004700054260002300101300001000124650002100134220216s9999 xx 000 0 und d aLoh Leon 0aGlobal synthetic rubber industrial outlook bRubber Indiac2011 a42-52 aSynthetic rubber